00270nam a22000977a 4500008004100000020001800041020001500059041000800074080001000082245008000092160428b xxu||||| |||| 00| 0 eng d a9780132437110 a0132437112 aeng a618.2 aChild health nursing:cMary Ann Hogan; Judy E. White; Kathleen Falkenstein;